000 00666cab a2200229 4500
001 WB3132-09
008 090401t1995 xxu||||| |||| 00| 0 eng d
035 _a(Sirsi) u57172
041 _aeng
245 3 _aAn invisible killer in the home
260 _c1995
350 _a0
490 _aIndependent
_v29 August 1995, 13(1)
520 _aDiscusses carbon monoxide poisoning and how to prevent it. Includes a checklist for tenants.
650 _aCARBON MONOXIDE POISONING
650 _aCO GAS
650 _aCONSUMERS ASSOCIATION
650 _aRENTED ACCOMMODATION
690 _aBUILT ENVIRONMENT-BUILDING STANDARDS
942 _n0
948 _c04/03/1997
999 _c34839
_d34839